Normal view
MARC view
Entry Personal Name
001 - CONTROL NUMBER
- control field: 286
003 - CONTROL NUMBER IDENTIFIER
- control field: OSt
005 - DATE AND TIME OF LATEST TRANSACTION
- control field: 20241025074721.0
008 - FIXED-LENGTH DATA ELEMENTS
- fixed length control field: 241025|| aca||aabn | a|a d
040 ## - CATALOGING SOURCE
- Original cataloging agency: OSt
- Transcribing agency: OSt
100 ## - HEADING--PERSONAL NAME
- Personal name: Larson, Bruce,
- Dates associated with a name: 1925-2008
670 ## - SOURCE DATA FOUND
- Source citation: Work cat.: (OSt)11205: Larson, Bruce, 1925-2008. https://id.loc.gov/authorities/names/no2015122338, One and only you /, 1976, c1974.
